Entrada Nombre personal
Número de registros utilizados en: 12
001 - NÚMERO DE CONTROL
003 - IDENTIFICADOR DEL NÚMERO DE CONTROL
- campo de control:
DR-UNIBE
005 - FECHA Y HORA DE LA ÚLTIMA TRANSACCIÓN
- campo de control:
20260310143538.0
008 - DATOS DE LONGITUD FIJA
- campo de control de longitud fija:
250526|| aca||aabn | a|a d
040 ## - FUENTE DE LA CATALOGACIÓN
- Centro catalogador/agencia de origen:
DR-UNIBE
- Centro/agencia transcriptor:
DR-UNIBE
100 ## - ENCABEZAMIENTO-NOMBRE DE PERSONA
- Nombre de persona:
Vega B., Wenceslao,
- Forma completa/desarrollada del nombre:
(Vega Boyrie, Wenceslao Nicolás),
- Fechas asociadas al nombre:
1932-
670 ## - FUENTE DE DATOS ENCONTRADOS
- Cita de la fuente:
Work cat.: (DR-UNIBE)113681: Vega B., Wenceslao (Vega Boyrie, Wenceslao Nicolás) 1932- autor, La constitución de Cádiz y Santo Domingo /, 2008